000 00396nam a22001457a 4500
005 20170530115339.0
008 170530b xxu||||| |||| 00| 0 eng d
020 _a978-81-265-1098-6
041 _aeng
100 _aPARHI, KESHAB K.
_93866
245 _aVLSI DIGITAL SIGNAL PROCESSING SYSTEMS:
_bDESIGN AND IMPLEMENTATION
260 _aNEW DELHI
_bWILEY & SONS
_c1999
300 _a784
942 _cBK
999 _c5462
_d5460